| 000 | 01339cam a2200313 a 4500 | ||
|---|---|---|---|
| 001 | 3331 | ||
| 003 | FISKH | ||
| 005 | 20240228153654.0 | ||
| 008 | 880914r19891988nyu 000 1 eng | ||
| 010 | _a 88040266 | ||
| 020 | _a0670825379 | ||
| 020 | _a9780670825370 | ||
| 040 |
_aDLC _beng _cDLC _dDLC _dOCoLC _dDLC |
||
| 050 | 0 | 0 |
_aPR6068.U757 _bS27 1989 |
| 082 | 0 | 0 |
_a823/.914 _220 |
| 100 | 1 | _aRushdie, Salman. | |
| 245 | 1 | 4 |
_aThe satanic verses / _cSalman Rushdie. |
| 250 | _aThis edition 1989 | ||
| 260 |
_aNew York : _bViking, _c1988 |
||
| 300 |
_a546 pages ; _c24 cm. |
||
| 520 | _aA hijacked jumbo jet bound for London blows apart high above the English Channel. Two figures, Indian actors of opposing sensibilities, Gibreel and Saladin, fall to Earth, and are washed up on an English beach. Soon curious changes occur -Gibreel seems to have acquired a halo, while Saladin grows hooves and bumps at his temples. They are transformed into living symbols of what is angelic and evil. This is the initial act in an odyssey that merges the actual with the imagined. | ||
| 650 | 0 |
_aSurvival _vFiction. |
|
| 650 | 0 |
_aEast Indians _zEngland _vFiction. |
|
| 651 | 0 |
_aLondon (England) _vFiction. |
|
| 655 | 7 |
_aDidactic fiction. _2gsafd |
|
| 906 |
_a7 _bcbc _corignew _d1 _eocip _f19 _gy-gencatlg |
||
| 942 |
_2ddc _cBK _n0 |
||
| 999 |
_c3331 _d3331 |
||